Obozy niemieckie w latach 1939-1945 w pamięci i dokumentach : (Rekord nr 27048)
| 000 -Nagłówek | |
|---|---|
| fixed length control field | 02198nam a2200493 i 4500 |
| 001 - Nr kontrolny bibl., która utworzyła rek. | |
| control field | xx005912176 |
| 003 - Siglum bibl., której nr kontr. jest w 001 | |
| control field | NUKAT |
| 005 - Data i czas ostatniej operacji | |
| control field | 20260317114446.0 |
| 008 - Elementy pola stałej długości | |
| fixed length control field | 260317s2025 pl a |101 0 pol c |
| 020 ## - ISBN | |
| ISBN | 9788361801559 |
| dopowiedzenie | (oprawa twarda) |
| 020 ## - ISBN | |
| ISBN | 9788397293694 |
| dopowiedzenie | (oprawa twarda) |
| 035 ## - Systemowy numer kontrolny | |
| systemowy numer kontrolny | (NUKAT)xx005912176 |
| 040 ## - Instytucja sporządzająca opis | |
| Instytucja, która sporządziła opis | OLSZT 008/bak |
| język katalgowania-trzyzn. kod | pol |
| zasady opisu | rda |
| Instytucja, która sporządziła rekord | OLSZT 008/bak |
| 041 0# - Kod nazwy języka dokumentu | |
| Język tekstu | pol |
| -- | ger |
| 045 2# - Okres czasu dla zawartości | |
| czas między r. 9999 pne a nasz. czas. | d1939 |
| -- | d1945 |
| 046 ## - Kod rodz. daty, data1, data2 (daty pne) | |
| Begin/single date | 2022 |
| 245 00 - Tytuł właściwy i oznaczenie odpow. | |
| tytuł | Obozy niemieckie w latach 1939-1945 w pamięci i dokumentach : |
| dodatek do tytułu | przegląd badań / |
| dod. inf. ze s. tyt./ozn. odpow. | redakcja naukowa: Piotr Majewski, Emilia Figura Osełkowska. |
| 260 ## - Adres wydawniczy | |
| miejsce wydania, dystrybucji itp. | Olsztyn : |
| nazwa wydawcy, dystrybutora itp. | Instytut Północny im. Wojciecha Kętrzyńskiego ; |
| miejsce wydania, dystrybucji itp. | Sztutowo : |
| nazwa wydawcy, dystrybutora itp. | Muzeum Stutthof ; |
| miejsce wydania, dystrybucji itp. | Opole : |
| nazwa wydawcy, dystrybutora itp. | Centralne Muzeum Jeńców Wojennych, |
| data wydania, dystrybucji itp. | 2025. |
| 300 ## - Opis fizyczny | |
| objętość i/lub forma materiału | 488 strona : |
| inne szczegóły opisu fizycznego | ilustracje ; |
| format | 24 cm. |
| 336 ## - Content Type | |
| Term | Tekst |
| Code | txt |
| Source | rdacontent |
| 337 ## - Media Type | |
| Term | Bez urządzenia pośredniczącego |
| Code | n |
| Source | rdamedia |
| 338 ## - Carrier Type | |
| Term | Wolumin |
| Code | nc |
| Source | rdacarrier |
| 380 ## - Form of work | |
| Form of work | Książki |
| 380 ## - Form of work | |
| Form of work | Publikacje naukowe |
| 388 1# - TIME PERIOD OF CREATION | |
| Time period of creation term | 2001- |
| 500 ## - Uwaga ogólna | |
| uwaga ogólna | Materiały z międzynarodowej konferencji pt.: Obozy niemieckie w latach 1939-1945 - aktualny stan badań, Olsztyn, Instytut Północny im. Wojciecha Kętrzyńskiego, 23-24 listopada 1922 r. |
| 504 ## - Uwaga o bibliografii | |
| uwaga o bibliografii | Bibliografie przy pracach. Indeks. |
| 546 ## - Uwaga o języku opisywanego materiału | |
| uwaga o języku | Tekst częściowo w języku niemieckim. |
| 648 #7 - SUBJECT ADDED ENTRY--CHRONOLOGICAL TERM | |
| Chronological term | 1901-2000 |
| Source of heading or term | DBN |
| 9 (RLIN) | 34996 |
| 648 #7 - SUBJECT ADDED ENTRY--CHRONOLOGICAL TERM | |
| Chronological term | 1939-1945 |
| Source of heading or term | DBN |
| 9 (RLIN) | 36042 |
| 650 #7 - Hasło przedmiotowe-nazwa pospolita | |
| nazwa pospolita lub geogr. | Niemieckie nazistowskie obozy koncentracyjne |
| źródło hasła | DBN |
| 9 (RLIN) | 35387 |
| 650 #7 - Hasło przedmiotowe-nazwa pospolita | |
| nazwa pospolita lub geogr. | Więźniowie obozów |
| źródło hasła | DBN |
| 9 (RLIN) | 36983 |
| 655 #7 - Termin określający rodzaj/formę | |
| rodzaj/forma | Materiały konferencyjne |
| źródło terminu | DBN |
| 9 (RLIN) | 36310 |
| 655 #7 - Termin określający rodzaj/formę | |
| rodzaj/forma | Stan badań |
| źródło terminu | DBN |
| 9 (RLIN) | 38242 |
| 658 ## - Nazwa określająca cel programu nauczania | |
| główny cel programu nauczania | Historia |
| 700 1# - Hasło dodatkowe - nazwa osobowa | |
| nazwa osobowa | Figura-Osełkowska, Emilia |
| daty biograficzne | (1983- ). |
| rodzaj współpracy | Redakcja |
| 9 (RLIN) | 18388 |
| 700 1# - Hasło dodatkowe - nazwa osobowa | |
| nazwa osobowa | Majewski, Piotr |
| daty biograficzne | (1971- ). |
| rodzaj współpracy | Redakcja |
| 9 (RLIN) | 13742 |
| 710 2# - Hasło dodatkowe - nazwa ciała zbior. | |
| nazwa ciała zbior. lub nazwa geogr. | Centralne Muzeum Jeńców Wojennych w Łambinowicach-Opolu. |
| rodzaj współpracy | Wydawca |
| kod rodzaju współpracy | pbl |
| 9 (RLIN) | 15763 |
| 710 2# - Hasło dodatkowe - nazwa ciała zbior. | |
| nazwa ciała zbior. lub nazwa geogr. | Instytut Północny im. Wojciecha Kętrzyńskiego (Olsztyn). |
| rodzaj współpracy | Wydawca |
| kod rodzaju współpracy | pbl |
| 9 (RLIN) | 13459 |
| 710 2# - Hasło dodatkowe - nazwa ciała zbior. | |
| nazwa ciała zbior. lub nazwa geogr. | Państwowe Muzeum Stutthof (Sztutowo). |
| rodzaj współpracy | Wydawca |
| kod rodzaju współpracy | pbl |
| 9 (RLIN) | 12885 |
| 920 ## - ISBN | |
| ISBN | 978-83-61801-55-9 (oprawa twarda) |
| 920 ## - ISBN | |
| ISBN | 978-83-972936-9-4 (oprawa twarda) |
| 942 ## - ADDED ENTRY ELEMENTS (KOHA) | |
| Source of classification or shelving scheme | Dewey Decimal Classification |
| Koha item type | pozycje dostępne na miejscu |
| Status wycofania | Status zagubienia | Klasyfikacja | Status uszkodzenia | Blokada wypożyczeń | Kolekcja | Lokalizacja macierzysta | Lokalizacja bieżąca | Data nabycia | Numer akcesji | Źródło akcesji | Nr inwentarzowy | il. wypożyczeń | Sygnatura | Kod kreskowy | Date last seen | Price effective from | Typ egz. |
|---|---|---|---|---|---|---|---|---|---|---|---|---|---|---|---|---|---|
| Dewey Decimal Classification | nieuszkodzona | książka w magazynie | Biblioteka Instytutu Północnego w Olsztynie | Biblioteka Instytutu Północnego w Olsztynie | 11/03/2026 | I-24/2026 | inne | 73875 | 73875 | IPWK22080 | 17/03/2026 | 17/03/2026 | pozycje dostępne na miejscu | ||||
| Dewey Decimal Classification | nieuszkodzona | książka w magazynie | Biblioteka Instytutu Północnego w Olsztynie | Biblioteka Instytutu Północnego w Olsztynie | 11/03/2026 | I-24/2026 | inne | 73876 | 73876 | IPWK22081 | 17/03/2026 | 17/03/2026 | pozycje dostępne na miejscu |